| 000 | 00470cam a2200181ua 4500 | ||
|---|---|---|---|
| 020 | _c30.00 | ||
| 041 |
_aeng _h |
||
| 082 |
_a621.4021 _bSMI/WO |
||
| 100 | _aSmith, H J . | ||
| 245 |
_aWorked examples in engineering thermodynamics / _cH J Smith. _hTextual Documents |
||
| 260 |
_aBombay : _bBook Centre Private Limited , _c1961. |
||
| 300 | _a548 ; . | ||
| 365 | _a30.00 | ||
| 504 | _a | ||
| 700 | 1 | _aHarris, J W . | |
| 942 | _cBK | ||
| 999 |
_c10655 _d10655 |
||